|
|
|
|
| LEADER |
00000nab a2200000 ar4500 |
| 001 |
vtls010202716 |
| 003 |
SK-MaSNL |
| 005 |
20260303093800.0 |
| 008 |
110111c20100625xo ||||||||||||00 b|slo |
| 015 |
|
|
|a SNBRB2011/01
|2 snkbucl
|
| 038 |
|
|
|a SNKBUCL
|
| 040 |
|
|
|a SNKBUCL
|b slo
|c SNKBUCL
|e AACR2
|
| 041 |
0 |
|
|a slo
|
| 044 |
|
|
|a xo
|c SK
|
| 080 |
|
|
|a 791.079
|x (437.6)
|2 2001
|
| 100 |
1 |
|
|a Bernát, Daniel
|4 aut
|9 267728
|
| 245 |
1 |
0 |
|a Teplice pripomínali malé Benátky
|c Daniel Bernát
|
| 300 |
|
|
|b Fotogr.
|
| 611 |
2 |
7 |
|a Art Film Fest (18. : 2010 : Trenčianske Teplice a Trenčín, Slovensko)
|2 snkbucl
|9 202521
|
| 650 |
0 |
7 |
|a filmové festivaly a prehliadky
|2 snkbucl
|9 3405
|
| 773 |
0 |
|
|t Pravda
|g Roč. XX, č. 145 (25.6.2010), s. 37
|x 1335-4050
|
| 852 |
|
|
|a SNK
|b KIS3GCP
|
| 958 |
|
|
|a SK
|
| 999 |
|
|
|c 1817154
|d 1819084
|